000 00929nac a22002657a 4500
001 BR6001702
003 BR-BrBNA
005 20240105113014.0
008 230509b bl.|||m| |||| 00| 0 por d
040 _aBR-BrBNA
_bpor
_cBiblioteca Nacional de Agricultura
072 _aK50
090 _a8905 BR6001702
110 1 _aMinisterio da Agricultura, Rio de Janeiro, GB (Brasil). Equipe Tecnica de Estatistica Agropecuaria
_96950
245 1 _aProducao extrativa produtos florestais 1967 [Industria florestal; Brasil]
260 3 _aRio de Janeiro, GB (Brasil):
_c1968.
300 _a21 p.
490 _aProducao Florestal - Ministerio da Agricultura. Equipe Tecnica de Estatistica Agropecuaria (Brazil)
_v
_x
500 _aNumerical data
650 _aIndustria florestal
650 _aMadeira
650 _aLenha
650 _aCarvao vegetal
909 _a202312
_bLúcia Elande
_c55
_dLúcia Elande
942 _2AGRIS
_n0
_cMS
999 _c261370
_d261370